[Event "Buenos Aires CC Moreno op"]
[Site "Buenos Aires"]
[Date "2019.06.23"]
[Round "4.9"]
[White "Spotorno, Julian"]
[Black "Campos, Cristian"]
[Result "1/2-1/2"]
[WhiteElo "1966"]
[BlackElo "1829"]
[PlyCount "91"]
[EventDate "2019.06.20"]
[EventType "swiss"]
[EventRounds "7"]
[EventCountry "ARG"]
[SourceTitle "EXT 2022"]
[Source "ChessBase"]
[SourceDate "2021.10.06"]
[SourceVersion "1"]
[SourceVersionDate "2021.10.06"]
[SourceQuality "1"]

1. d4 Nf6 2. c4 g6 3. Nc3 Bg7 4. e4 d6 5. f3 0-0 6. Be3 e5 7. Nge2 c6 8. Qd2 h5 9. h3 Nbd7 10. g4 Re8 11. 0-0-0 a6 12. Bh6 b5 13. d5 b4 14. Na4 c5 15. Ng3 h4 16. Nf5 gxf5 17. Qg5 Nh5 18. Qxh5 Bxh6+ 19. Qxh6 Qf6 20. Qxf6 Nxf6 21. Nb6 Rb8 22. Nxc8 Rbxc8 23. exf5 Nh7 24. Bg2 f6 25. Rhe1 Ng5 26. Kc2 Kf7 27. a3 Rb8 28. axb4 Rxb4 29. b3 Reb8 30. Rd3 R4b6 31. Ra1 Ra8 32. Rd2 a5 33. Kc3 Rba6 34. Rda2 R8a7 35. Ra3 Ke7 36. Kd3 Kf7 37. Ke3 Ra8 38. R1a2 R8a7 39. f4 exf4+ 40. Kxf4 Ra8 41. Re2 Re8 42. Rxe8 Kxe8 43. Ra2 Kd7 44. Re2 Rb6 45. Re3 Rb8 46. Bf1 1/2-1/2

[Event "Buenos Aires La Porta Cup"]
[Site "Buenos Aires"]
[Date "2019.03.23"]
[Round "4"]
[White "Spotorno, Julian"]
[Black "Coro, Lucas"]
[Result "0-1"]
[WhiteElo "1961"]
[BlackElo "2276"]
[PlyCount "102"]
[EventDate "2019.03.20"]
[EventType "swiss"]
[EventRounds "9"]
[EventCountry "ARG"]
[SourceTitle "CBM 189 Extra"]
[Source "ChessBase"]
[SourceDate "2019.06.03"]
[SourceVersion "1"]
[SourceVersionDate "2019.06.03"]
[SourceQuality "1"]

1. d4 Nf6 2. c4 e6 3. Nc3 Bb4 4. f3 d5 5. a3 Be7 6. e4 dxe4 7. fxe4 e5 8. d5 0-0 9. Nf3 Bg4 10. Be3 a5 11. Bd3 Na6 12. 0-0 Bc5 13. Qd2 Bxf3 14. Rxf3 b6 15. Raf1 Nd7 16. Nd1 g6 17. Kh1 Bxe3 18. Nxe3 Nac5 19. Bc2 a4 20. Ng4 f6 21. Qf2 Kg7 22. Qh4 h5 23. Ne3 f5 24. Nxf5+ gxf5 25. Qxh5 f4 26. g3 Qe8 27. Qh3 Rh8 28. Qg2 Qg6 29. Rg1 Rag8 30. Qe2 Kf8 31. Rff1 Qh5 32. Qf2 Ke7 33. gxf4 Kd8 34. Rg3 exf4 35. Rxg8+ Rxg8 36. Qxf4 Qg6 37. Qf2 Ne5 38. Rg1 Qxg1+ 39. Qxg1 Rxg1+ 40. Kxg1 Nxc4 41. Kf2 Ke7 42. Kf3 Nxb2 43. Kf4 Nc4 44. Bb1 Nxa3 45. Ba2 Nb5 46. h4 Nc3 47. Bc4 N3xe4 48. h5 Nf6 49. h6 a3 50. Kf5 b5 51. Ba2 b4 0-1

[Event "Buenos Aires Szmetan Giardelli op"]
[Site "Buenos Aires"]
[Date "2018.12.09"]
[Round "6"]
[White "Spotorno, Julian"]
[Black "Martinez de Negri, Agustin Gonzalo"]
[Result "0-1"]
[WhiteElo "1937"]
[BlackElo "2211"]
[PlyCount "79"]
[EventDate "2018.12.04"]
[EventType "swiss"]
[EventRounds "9"]
[EventCountry "ARG"]
[SourceTitle "CBM 187 Extra"]
[Source "ChessBase"]
[SourceDate "2018.11.04"]
[SourceVersion "1"]
[SourceVersionDate "2018.11.04"]
[SourceQuality "1"]

1. d4 Nf6 2. c4 e5 3. dxe5 Ng4 4. Nf3 Bc5 5. e3 Nc6 6. Be2 0-0 7. 0-0 Re8 8. Nc3 a5 9. e6 fxe6 10. Nd4 Nf6 11. Nxc6 bxc6 12. e4 e5 13. Kh1 Bd4 14. Bg5 h6 15. Bh4 d6 16. f4 Bxc3 17. bxc3 exf4 18. Qc2 Re5 19. Rxf4 g5 20. Raf1 Nh7 21. c5 gxh4 22. Bc4+ Be6 23. Bxe6+ Rxe6 24. e5 dxe5 25. Rf7 e4 26. Qb3 Ng5 27. R7f5 Qd7 28. g3 h3 29. Rd1 Qe7 30. Rdf1 Re8 31. Qd1 e3 32. Qh5 e2 33. Re1 Kg7 34. Kg1 Re5 35. Rf2 Qxc5 36. a4 Qxf2+ 37. Kxf2 Rf8+ 38. Kg1 Nf3+ 39. Kh1 Rxh5 40. Rxe2 0-1